000 00436nam a22001697a 4500
003 MACL
005 20160114174918.0
008 160114b xxu||||| |||| 00| 0 eng d
040 _cMACL
041 _aEnglish
082 _a821/BUD
100 _aBudholia Om Prakash
_932455
245 _aGirish Karnad Poetics And Aesthetics
260 _aNew Delhi
_bB.R. Publishing Corporations
_c2011
650 _aPoetry
_932456
942 _2ddc
_cBK
999 _c52353
_d52353